LIBRARY & INFORMATION CENTRE, KCAET, TAVANUR

ONLINE PUBLIC ACCESS CATALOGUE (OPAC)

A R Rajaraja Varma, Part 2 / (Record no. 4472)

MARC details
000 -LEADER
fixed length control field 00480cam a2200181ua 4500
041 ## - LANGUAGE CODE
Language code of text/sound track or separate title mal
082 ## - DEWEY DECIMAL CLASSIFICATION NUMBER
Classification number 921.94812
Item number BHA/AR
100 ## - MAIN ENTRY--AUTHOR NAME
Personal name Bhagirathy Amma, Thampuran .
245 ## - TITLE STATEMENT
Title A R Rajaraja Varma, Part 2 /
260 ## - PUBLICATION, DISTRIBUTION, ETC. (IMPRINT)
Place of publication :
Name of publisher M Bhagirathy Amma Thampuran ,
Year of publication 1961.
300 ## - PHYSICAL DESCRIPTION
Number of Pages 459 ; .
700 1# - ADDED ENTRY--PERSONAL NAME
Personal name Raghavan Varma, Raja.
942 ## - ADDED ENTRY ELEMENTS (KOHA)
Koha item type Books
Holdings
Withdrawn status Lost status Damaged status Home library Current library Date acquired Full call number Accession Number Koha item type
Withdrawn     KAUAET Sanskrit University 07/04/2012 921.94812 370 Books
free website counter